| 000 | 01694cam a22003854a 4500 | ||
|---|---|---|---|
| 001 | 13961476 | ||
| 005 | 20090323155219.0 | ||
| 008 | 050511s2005 nyu b 001 0 eng | ||
| 010 | _a 2005049184 | ||
| 020 | _a0230621120 | ||
| 020 | _a9780230621121 | ||
| 035 | _a(OCoLC)ocm60401780 | ||
| 040 |
_aDLC _cDLC _dC#P _dBAKER _dDLC |
||
| 042 | _apcc | ||
| 043 | _an-us--- | ||
| 050 | 0 | 0 |
_aJC423 _b.S682 2005 |
| 082 | 0 | 0 |
_a327.73009015 _222 _bSOM |
| 100 | 1 |
_aSomit, Albert. _922911 |
|
| 245 | 1 | 4 |
_aThe Failure of Democratic Nation Building : _bIdeology Meets evolution / _cAlbert Somit and Steven A. Peterson. |
| 260 |
_aNew York : _bPalgrave Macmillan, 2005 _c2005. |
||
| 300 |
_axii, 169 p. ; _c22 cm. |
||
| 504 | _aIncludes bibliographical references (p. [147]-160) and indexes. | ||
| 650 | 0 |
_aDemocracy. _922912 |
|
| 650 | 0 |
_aDemocratization. _922913 |
|
| 651 | 0 |
_aUnited States _xForeign relations. _922914 |
|
| 653 |
_bPol _cApril2011 |
||
| 700 | 1 |
_aPeterson, Steven A. _922915 |
|
| 856 | 4 | 2 |
_3Contributor biographical information _uhttp://www.loc.gov/catdir/enhancements/fy0625/2005049184-b.html |
| 856 | 4 | 2 |
_3Publisher description _uhttp://www.loc.gov/catdir/enhancements/fy0625/2005049184-d.html |
| 856 | 4 | 1 |
_3Table of contents only _uhttp://www.loc.gov/catdir/enhancements/fy0625/2005049184-t.html |
| 942 |
_2ddc _cBB |
||
| 999 |
_c15074 _d15074 |
||